|
|
|
|
| LEADER |
00000naa a2200000uu 4500 |
| 001 |
vtls010942650 |
| 003 |
SK-MaSNL |
| 005 |
20260302123403.0 |
| 008 |
210824|1997 xo |||||||||||||||||slo| |
| 015 |
|
|
|a SNBRA
|
| 035 |
|
|
|a (urnnbn)urn:nbn:sk:snk:ar-a0bd1c
|
| 035 |
|
|
|a (uuid)dbed6a34-a46a-4dd9-b92e-bb809371fa87
|
| 035 |
|
|
|a urn:nbn:sk:snk-aau5a6
|
| 040 |
|
|
|a SNKBUCL
|b slo
|c SNKBUCL
|e AACR2
|
| 041 |
0 |
|
|a slo
|
| 044 |
|
|
|a xo
|c SK
|
| 100 |
1 |
|
|a Kopecká, Alžbeta
|4 aut
|9 808130
|
| 245 |
1 |
0 |
|a Skúsenosti z terénu
|c Alžbeta Kopecká
|
| 773 |
0 |
|
|t Ochrana starých ľudí v podmienkach transformácie sociálnej sféry, (financovaný z prostriedkov PHARE)
|d Bratislava : Výskumný ústav práce, sociálnych vecí a rodiny, 1997
|g S. 128-129
|z 807138089X
|
| 958 |
|
|
|a OND
|
| 958 |
|
|
|a article11
|
| 958 |
|
|
|a chapter
|
| 999 |
|
|
|c 1282767
|d 1284697
|